Loading...
| Science - Biology | 0 | 5 | 0 | 2 | 50 | 102 | 114.60 | 0 | 0 | 2.71 | 14.55 |
| Social Science | 0 | 5 | 1 | 4 | 45 | 107 | 117.40 | 0 | 1 | 1.74 | 12.73 |
| Fine Arts - Classical Music | 0 | 3 | 1 | 1 | 25 | 125 | 125.67 | 0 | 0 | -0.29 | 3.64 |
| Philosophy | 0 | 3 | 1 | 0 | 25 | 118 | 125.33 | 0 | 0 | 2.66 | 10.91 |
| Religion | 0 | 3 | 1 | 0 | 25 | 61 | 110.67 | 0 | 2 | 4.88 | 13.64 |
| Science - Physics | 0 | 3 | 1 | 0 | 25 | 68 | 101.33 | 0 | 1 | 5.18 | 11.82 |
| Literature - British | 0 | 2 | 0 | 0 | 20 | 69 | 83.50 | 0 | 0 | 6.87 | 8.18 |
| Science - Other | 0 | 2 | 0 | 0 | 20 | 81 | 101.50 | 0 | 1 | 4.19 | 10.00 |
| Fine Arts - Other | 0 | 2 | 0 | 0 | 20 | 128 | 129.50 | 0 | 1 | 0.07 | 9.09 |
| Other Academic | 0 | 1 | 0 | 0 | 10 | 110 | 110.00 | 0 | 0 | 7.36 | 20.00 |
| History - World | 0 | 1 | 0 | 0 | 10 | 63 | 63.00 | 0 | 0 | 4.91 | 3.64 |
| Literature - European | 0 | 1 | 0 | 0 | 10 | 148 | 148.00 | 0 | 0 | 0.00 | 1.82 |
| Literature - World | 0 | 1 | 0 | 0 | 10 | 119 | 119.00 | 0 | 0 | 0.08 | 1.82 |
| Geography | 0 | 1 | 0 | 0 | 10 | 33 | 33.00 | 0 | 1 | 18.65 | 15.00 |
| History - European | 0 | 1 | 0 | 0 | 10 | 77 | 77.00 | 0 | 0 | 3.79 | 3.64 |
| Science - Chemistry | 0 | 1 | 1 | 0 | 5 | 114 | 114.00 | 0 | 0 | 0.08 | 3.64 |
| History - Other | 0 | 1 | 1 | 1 | 5 | 139 | 139.00 | 0 | 0 | 0.00 | 0.91 |
| Mythology | 0 | 2 | 3 | 1 | 5 | 124 | 135.00 | 0 | 0 | 0.62 | 4.55 |
| Fine Arts - Painting and Sculpture | 0 | 1 | 2 | 0 | 0 | 115 | 115.00 | 0 | 0 | 0.92 | 0.91 |
| Literature - American | 0 | 0 | 0 | 0 | 0 | 0.00 | 0 | 0 | 0.00 | 0.00 |